[Event "K41 Foraars EMT Mester 1 2007"]
[Site "Valby"]
[Date "2007.03.13"]
[Round "1"]
[White "Nielsen, Lars Aaes"]
[Black "Schmidt, Kristen"]
[Result "0-1"]
[WhiteElo "2221"]
[BlackElo "2322"]
[PlyCount "46"]
[EventDate "2007.??.??"]

1. e4 e5 2. Nf3 Nc6 3. d4 exd4 4. Nxd4 Nf6 5. Nxc6 bxc6 6. Nc3 Bb4 7. Bd2 Qe7
8. Qe2 O-O 9. f3 Re8 10. O-O-O d5 11. Re1 Be6 12. e5 Nd7 13. Nd1 Rab8 14. Qd3
c5 15. c3 c4 16. Qc2 Ba3 17. Qa4 Rxb2 18. Nxb2 Rb8 19. Kd1 Rxb2 20. g3 Bf5 21.
Bg2 Rxa2 22. e6 Ra1+ 23. Bc1 Bxe6 0-1

[Event "K41 Foraars EMT Mester 1 2007"]
[Site "Valby"]
[Date "2007.03.13"]
[Round "1"]
[White "Jakobsen, Peter"]
[Black "Hagen, Andreas Skytte"]
[Result "0-1"]
[WhiteElo "2184"]
[BlackElo "2226"]
[PlyCount "58"]
[EventDate "2007.??.??"]

1. e4 e6 2. d4 d5 3. Nd2 Be7 4. Ngf3 Nf6 5. e5 Nfd7 6. Bd3 c5 7. c3 Nc6 8. O-O
a5 9. Re1 cxd4 10. cxd4 g5 11. Nb1 g4 12. Nfd2 h5 13. Nc3 Nxd4 14. Nf1 Nc6 15.
Bf4 Nf8 16. Nb5 Ng6 17. Bxg6 fxg6 18. Qd3 Kf7 19. a3 Kg7 20. Rac1 Bd7 21. Nd2
Qf8 22. Be3 Qf5 23. Qe2 h4 24. Nb3 h3 25. g3 Kh7 26. Bc5 Nxe5 27. Bxe7 Nf3+ 28.
Kh1 Bxb5 29. Qxe6 Bf1 0-1

[Event "K41 Foraars EMT Mester 1 2007"]
[Site "Valby"]
[Date "2007.03.13"]
[Round "1"]
[White "Greger, Roland Reinhard"]
[Black "Palm, Nikolaj"]
[Result "1-0"]
[WhiteElo "2332"]
[BlackElo "2268"]
[PlyCount "73"]
[EventDate "2007.??.??"]

1. e4 e5 2. Nf3 Nc6 3. d4 exd4 4. Nxd4 Nf6 5. Nxc6 bxc6 6. e5 Qe7 7. Qe2 Nd5 8.
c4 Ba6 9. b3 g6 10. g3 Bg7 11. Bb2 O-O 12. Bg2 Rae8 13. O-O Nb6 14. Re1 Qe6 15.
Nd2 d5 16. cxd5 Qc8 17. Qe3 cxd5 18. Qc5 Bb7 19. Rac1 c6 20. f4 Rd8 21. Nf3
Rfe8 22. Qa5 Qa8 23. Nd4 Nd7 24. Bh3 f5 25. exf6 Rxe1+ 26. Rxe1 Bxf6 27. Ne6
Re8 28. Bxf6 Nxf6 29. Qc7 Nh5 30. g4 Rxe6 31. Rxe6 Qf8 32. Qd6 Qxd6 33. Rxd6
Nxf4 34. Bf1 d4 35. Rd7 Bc8 36. Rd8+ Kf7 37. Rxc8 1-0

[Event "K41 Foraars EMT Mester 1 2007"]
[Site "Valby"]
[Date "2007.03.20"]
[Round "1"]
[White "Mikkelsen, Nikolaj"]
[Black "Lund, Silas"]
[Result "1-0"]
[WhiteElo "2264"]
[BlackElo "2329"]
[PlyCount "105"]
[EventDate "2007.??.??"]

1. e4 e5 2. Nf3 Nc6 3. Bc4 Be7 4. d4 d6 5. dxe5 dxe5 6. Qxd8+ Bxd8 7. Nc3 Nge7
8. Be3 a6 9. O-O-O f6 10. a4 b6 11. Rd2 Na5 12. Rhd1 Nb7 13. Ng1 c6 14. b4 b5
15. Bb3 Bc7 16. axb5 axb5 17. Kb2 Ng6 18. Nge2 Ke7 19. Ng3 Nh4 20. Nh5 g6 21.
Nxf6 Kxf6 22. Rd7 Bxd7 23. Rxd7 Nd6 24. Rxc7 Rac8 25. Rd7 Rcd8 26. Rc7 Rc8 27.
Rd7 Nc4+ 28. Bxc4 bxc4 29. Na4 h5 30. g3 Nf3 31. Nc5 Rhd8 32. Rh7 g5 33. h4 Kg6
34. Re7 Re8 35. Rd7 Red8 36. Bxg5 Nxg5 37. hxg5 Rxd7 38. Nxd7 Re8 39. Kc3 Kxg5
40. Kxc4 Kg6 41. Kc5 Kf7 42. Kd6 Re6+ 43. Kc7 Ke8 44. Nc5 Rf6 45. Nd3 Ke7 46.
c4 Ke6 47. Kxc6 Rf3 48. Nc5+ Ke7 49. b5 Rxf2 50. b6 Kd8 51. b7 Rf6+ 52. Kb5 Kc7
53. b8=Q+ 1-0

[Event "K41 Foraars EMT Mester 1 2007"]
[Site "Valby"]
[Date "2007.03.27"]
[Round "2"]
[White "Schmidt, Kristen"]
[Black "Palm, Nikolaj"]
[Result "0-1"]
[WhiteElo "2322"]
[BlackElo "2268"]
[PlyCount "50"]
[EventDate "2007.??.??"]

1. e4 e5 2. f4 Bc5 3. Nf3 d6 4. c3 Qe7 5. fxe5 dxe5 6. d4 exd4 7. cxd4 Bb6 8.
Nc3 Nf6 9. e5 Bg4 10. Be2 Bxf3 11. gxf3 Nh5 12. Be3 Nc6 13. Nd5 Ba5+ 14. b4
Bxb4+ 15. Kf1 Qd7 16. Qb3 Ba5 17. f4 Qh3+ 18. Kf2 O-O-O 19. Rab1 Bb6 20. Nxb6+
axb6 21. d5 Qh4+ 22. Kf3 Nd4+ 23. Bxd4 Qxf4+ 24. Kg2 Qe4+ 25. Kf1 Nf4 0-1

[Event "K41 Foraars EMT Mester 1 2007"]
[Site "Valby"]
[Date "2007.03.27"]
[Round "2"]
[White "Hagen, Andreas Skytte"]
[Black "Mikkelsen, Nikolaj"]
[Result "1/2-1/2"]
[WhiteElo "2226"]
[BlackElo "2264"]
[PlyCount "85"]
[EventDate "2007.??.??"]

1. Nf3 Nf6 2. c4 g6 3. Nc3 d5 4. Qa4+ Bd7 5. Qb3 dxc4 6. Qxc4 a6 7. d4 b5 8.
Qb3 Be6 9. Qc2 c5 10. dxc5 Bg7 11. e4 Nc6 12. Be2 O-O 13. O-O Qb8 14. Rd1 Qb7
15. Be3 Rfd8 16. Ng5 Nb4 17. Qb1 Bc4 18. a3 Nc6 19. Qc2 h6 20. Nf3 Ng4 21. Nd5
Nxe3 22. Nxe3 Bxe2 23. Qxe2 Nd4 24. Nxd4 Bxd4 25. Qc2 e6 26. Rac1 Qc6 27. Nd5
Bxf2+ 28. Qxf2 exd5 29. exd5 Rxd5 30. Rxd5 Qxd5 31. c6 Rc8 32. Qa7 Qe5 33. c7
Qxb2 34. Rd1 Kg7 35. Qb7 Qc2 36. Qxc8 Qxd1+ 37. Kf2 Qd4+ 38. Kf3 Qd5+ 39. Ke3
Qe5+ 40. Kd3 Qd5+ 41. Ke3 Qe5+ 42. Kf3 Qd5+ 43. Ke3 1/2-1/2

[Event "K41 Foraars EMT Mester 1 2007"]
[Site "Valby"]
[Date "2007.04.20"]
[Round "3"]
[White "Greger, Roland Reinhard"]
[Black "Hagen, Andreas Skytte"]
[Result "1-0"]
[WhiteElo "2332"]
[BlackElo "2226"]
[PlyCount "69"]
[EventDate "2007.??.??"]

1. e4 e6 2. d4 d5 3. e5 c5 4. c3 Qb6 5. Nf3 Nc6 6. a3 Nh6 7. b4 cxd4 8. cxd4
Nf5 9. Be3 f6 10. exf6 gxf6 11. Bd3 Nxe3 12. fxe3 Bh6 13. Qe2 O-O 14. Nc3 Bd7
15. O-O Be8 16. Na4 Qc7 17. Nc5 Qe7 18. e4 b6 19. exd5 bxc5 20. dxc6 cxb4 21.
axb4 Bxc6 22. Bc4 Rfe8 23. Ra6 Qd7 24. Rd1 Kh8 25. b5 Bd5 26. Bxd5 exd5 27. Qf1
Re6 28. Rxe6 Qxe6 29. Re1 Be3+ 30. Kh1 Qe4 31. Qe2 Re8 32. Qa2 Re7 33. Qa3 Qe6
34. Nh4 Qe4 35. Nf5 1-0

[Event "K41 Foraars EMT Mester 1 2007"]
[Site "Valby"]
[Date "2007.04.17"]
[Round "3"]
[White "Jakobsen, Peter"]
[Black "Schmidt, Kristen"]
[Result "0-1"]
[WhiteElo "2184"]
[BlackElo "2322"]
[PlyCount "102"]
[EventDate "2007.??.??"]

1. c4 e5 2. g3 Nc6 3. Bg2 d6 4. Nc3 g6 5. e4 Bg7 6. Nge2 f5 7. d3 Nf6 8. O-O
O-O 9. Nd5 Nh5 10. exf5 gxf5 11. Nec3 Nf6 12. Bg5 Nd4 13. f4 c6 14. Ne3 h6 15.
Bh4 Be6 16. Qd2 Qd7 17. Rae1 Rf7 18. Kh1 Kh8 19. Nc2 Nh7 20. Nxd4 exd4 21. Ne2
Re8 22. Ng1 Rff8 23. Nf3 c5 24. Re2 Bf7 25. Rfe1 Re6 26. Rxe6 Bxe6 27. b4 b6
28. bxc5 bxc5 29. Qb2 Re8 30. Qa3 Rb8 31. Nd2 Nf8 32. h3 Ng6 33. Nf3 Rb4 34.
Qc1 Kh7 35. Qd2 d5 36. cxd5 Bxd5 37. Ne5 Qb7 38. Nc4 Nxh4 39. gxh4 Bf6 40. h5
Bh4 41. Rf1 Rb1 42. Rxb1 Qxb1+ 43. Kh2 Bxc4 44. dxc4 Qb8 45. Bd5 Qd6 46. Kg2
Qf8 47. Qd3 Kh8 48. Be6 Qg7+ 49. Kf1 Qb7 50. Bd5 Qb2 51. Qe2 Qb8 0-1

[Event "K41 Foraars EMT Mester 1 2007"]
[Site "Valby"]
[Date "2007.04.26"]
[Round "3"]
[White "Palm, Nikolaj"]
[Black "Lund, Silas"]
[Result "1/2-1/2"]
[WhiteElo "2268"]
[BlackElo "2329"]
[PlyCount "121"]
[EventDate "2007.??.??"]

1. e4 e5 2. Nf3 Nc6 3. Bc4 Nf6 4. d3 Be7 5. c3 O-O 6. O-O d6 7. Bb3 h6 8. Nbd2
Nh7 9. Nc4 Kh8 10. Ne3 Ng5 11. Bc2 Be6 12. b4 Nxf3+ 13. Qxf3 Bg5 14. Bb2 a5 15.
b5 Ne7 16. d4 a4 17. c4 Ng6 18. Rfd1 Qb8 19. Nd5 Bd8 20. dxe5 Nxe5 21. Qe2 c6
22. f4 Bg4 23. Qf1 Bxd1 24. Rxd1 Ng4 25. Qe2 Qc8 26. bxc6 bxc6 27. f5 Ne5 28.
Ne3 Qb8 29. Ba3 Be7 30. f6 Bxf6 31. Bxd6 Qa7 32. Bxf8 Rxf8 33. Kh1 a3 34. Ng4
Nxg4 35. Qxg4 Qf2 36. Bb3 Rb8 37. e5 Bxe5 38. Qe4 Qf4 39. Qxf4 Bxf4 40. g3 Be5
41. Rb1 Rb4 42. Kg2 Bb2 43. Bd1 g6 44. Be2 Kg7 45. Kf3 Rb7 46. Bd3 f5 47. g4
Rd7 48. Rd1 fxg4+ 49. Kxg4 Be5 50. h3 Rf7 51. Rf1 h5+ 52. Kg5 Bf6+ 53. Kf4 Rd7
54. Rd1 Rd4+ 55. Ke3 c5 56. Rb1 Rd7 57. Be4 g5 58. Rb7 Rxb7 59. Bxb7 Bd4+ 60.
Ke4 Kf6 61. Bc8 1/2-1/2

[Event "K41 Foraars EMT Mester 1 2007"]
[Site "Valby"]
[Date "2007.04.24"]
[Round "4"]
[White "Hagen, Andreas Skytte"]
[Black "Palm, Nikolaj"]
[Result "1/2-1/2"]
[WhiteElo "2226"]
[BlackElo "2268"]
[PlyCount "62"]
[EventDate "2007.??.??"]

1. Nf3 d5 2. d4 e6 3. c4 c6 4. Qc2 Bd6 5. Bg5 f6 6. Bh4 Ne7 7. Nc3 O-O 8. e3
Ng6 9. Bg3 a5 10. Bd3 f5 11. c5 Bxg3 12. hxg3 Qf6 13. g4 e5 14. dxe5 Nxe5 15.
Nxe5 Qxe5 16. O-O-O Na6 17. Bxa6 Rxa6 18. Rh4 Qe7 19. Rdh1 h6 20. g5 Qxg5 21.
g3 Be6 22. Na4 Bf7 23. Nb6 Re8 24. a4 Bg6 25. Rf4 Bh7 26. Qc3 Rf8 27. Qe5 Qd8
28. Qe6+ Kh8 29. Qe5 Kg8 30. Qe6+ Kh8 31. Qe5 Kg8 1/2-1/2

[Event "K41 Foraars EMT Mester 1 2007"]
[Site "Valby"]
[Date "2007.04.24"]
[Round "4"]
[White "Schmidt, Kristen"]
[Black "Lund, Silas"]
[Result "0-1"]
[WhiteElo "2322"]
[BlackElo "2329"]
[PlyCount "68"]
[EventDate "2007.??.??"]

1. e4 e5 2. Nf3 Nc6 3. Bb5 Nf6 4. O-O Nxe4 5. Re1 Nd6 6. Nxe5 Be7 7. Bf1 Nxe5
8. Rxe5 O-O 9. d4 Bf6 10. Re1 Nf5 11. d5 d6 12. Nd2 c6 13. Ne4 Be7 14. c3 Nh4
15. g3 f5 16. Nd2 Ng6 17. f4 Bf6 18. dxc6 bxc6 19. Nf3 Rb8 20. Qd3 c5 21. Bg2
Bb7 22. Ng5 Bxg2 23. Kxg2 Bxg5 24. Qd5+ Kh8 25. fxg5 f4 26. gxf4 Rxb2+ 27. Kg3
Rc2 28. Bd2 Qd7 29. Rad1 h5 30. Re6 h4+ 31. Kf3 Rxd2 32. Rxd2 Nxf4 33. Qxd6
Nxe6+ 34. Qxf8+ Nxf8 0-1

[Event "K41 Foraars EMT Mester 1 2007"]
[Site "Valby"]
[Date "2007.04.24"]
[Round "4"]
[White "Nielsen, Lars Aaes"]
[Black "Greger, Roland Reinhard"]
[Result "1-0"]
[WhiteElo "2221"]
[BlackElo "2332"]
[PlyCount "77"]
[EventDate "2007.??.??"]

1. e4 e6 2. d4 d5 3. Nc3 Bb4 4. Nge2 dxe4 5. a3 Bxc3+ 6. Nxc3 Nc6 7. Bb5 Nge7
8. Bg5 f6 9. Be3 O-O 10. Qd2 f5 11. f3 exf3 12. gxf3 Nd5 13. Bxc6 bxc6 14.
O-O-O c5 15. dxc5 Bb7 16. Bd4 Qh4 17. Be5 Rf7 18. Rhg1 Re8 19. Nb5 f4 20. Nd4
Qh5 21. c6 Qxe5 22. cxb7 Qd6 23. Nxe6 Qxe6 24. Rge1 Ne3 25. Qd8 Qc6 26. Rxe3
fxe3 27. b8=Q Rff8 28. Qb3+ Kh8 29. Qdd5 Qh6 30. Re1 Qxh2 31. Qbd3 Re5 32. Q5d4
c5 33. Qd6 Rfe8 34. Qe2 Qf4 35. Kb1 h6 36. Rg1 Qf7 37. Qg6 Qd7 38. Qed3 Qxd3
39. Qxg7# 1-0

[Event "K41 Foraars EMT Mester 1 2007"]
[Site "Valby"]
[Date "2007.05.01"]
[Round "5"]
[White "Lund, Silas"]
[Black "Hagen, Andreas Skytte"]
[Result "1/2-1/2"]
[WhiteElo "2329"]
[BlackElo "2226"]
[PlyCount "80"]
[EventDate "2007.??.??"]

1. d4 Nf6 2. c4 e6 3. Nc3 Bb4 4. e3 b6 5. Bd3 Bb7 6. Nge2 Bxg2 7. Rg1 Bf3 8.
Rg3 Bxc3+ 9. bxc3 Be4 10. f3 Bxd3 11. Qxd3 Nc6 12. e4 Qe7 13. Rxg7 h6 14. a4
Na5 15. Ba3 d6 16. Nf4 Rg8 17. Rg3 Rxg3 18. hxg3 e5 19. Nd5 Nxd5 20. cxd5 f6
21. Kf2 Qg7 22. Rh1 O-O-O 23. Bc1 Rh8 24. g4 Kb7 25. Be3 a6 26. c4 Qd7 27. c5
Qxa4 28. cxd6 cxd6 29. dxe5 fxe5 30. Rxh6 Rxh6 31. Bxh6 Qe8 32. Bd2 Qc8 33. Kg3
Nc4 34. g5 b5 35. Be1 Qd8 36. Kg4 Qd7+ 37. Kh5 Qh7+ 38. Kg4 Qd7+ 39. Kh5 Qh7+
40. Kg4 Qd7+ 1/2-1/2

[Event "K41 Foraars EMT Mester 1 2007"]
[Site "Valby"]
[Date "2007.05.01"]
[Round "5"]
[White "Mikkelsen, Nikolaj"]
[Black "Schmidt, Kristen"]
[Result "0-1"]
[WhiteElo "2264"]
[BlackElo "2322"]
[PlyCount "98"]
[EventDate "2007.??.??"]

1. e4 c5 2. Nf3 e6 3. d4 cxd4 4. Nxd4 Nf6 5. Nc3 Nc6 6. Ndb5 d6 7. Bf4 e5 8.
Bg5 a6 9. Na3 b5 10. Bxf6 gxf6 11. Nd5 f5 12. c3 Bg7 13. exf5 Bxf5 14. Nc2 O-O
15. Nce3 Be6 16. Bd3 f5 17. O-O Ra7 18. a4 Ne7 19. Nxe7+ Rxe7 20. axb5 axb5 21.
Bxb5 d5 22. Ra6 Kh8 23. Qa4 f4 24. Nc2 Bc8 25. Ra8 Qb6 26. Nb4 Qg6 27. Kh1 Bb7
28. Rxf8+ Bxf8 29. Bc6 Rg7 30. Rg1 f3 31. g3 Bxc6 32. Nxc6 Qe8 33. Ra1 Rc7 34.
Na5 Qxa4 35. Rxa4 d4 36. Nc4 dxc3 37. bxc3 e4 38. h4 Bc5 39. Kg1 Rd7 40. Ra1
Rd3 41. Rc1 Kg7 42. Kf1 Kf6 43. Ke1 Kf5 44. Nb2 Bxf2+ 45. Kxf2 Rd2+ 46. Ke3
Rxb2 47. Kd4 Rd2+ 48. Ke3 Re2+ 49. Kd4 f2 0-1

[Event "K41 Foraars EMT Mester 1 2007"]
[Site "Valby"]
[Date "2007.05.01"]
[Round "5"]
[White "Palm, Nikolaj"]
[Black "Nielsen, Lars Aaes"]
[Result "1/2-1/2"]
[WhiteElo "2268"]
[BlackElo "2221"]
[PlyCount "136"]
[EventDate "2007.??.??"]

1. d4 e6 2. Nf3 Nf6 3. e3 b6 4. b3 Bb4+ 5. c3 Be7 6. Bb2 Bb7 7. Bd3 Ne4 8. O-O
O-O 9. Nfd2 f5 10. f3 Nxd2 11. Nxd2 e5 12. Qc2 g6 13. dxe5 Bc5 14. Nc4 b5 15.
b4 Bd5 16. Na5 Bxe3+ 17. Kh1 Nc6 18. Nxc6 Bxc6 19. c4 Qh4 20. cxb5 Bd5 21. Bc1
Bd4 22. Bc4 c6 23. Bb2 Be3 24. Bxd5+ cxd5 25. g3 Qxb4 26. Rab1 d4 27. Rfd1 Qxb5
28. Bxd4 Qd5 29. Qb3 Qxb3 30. Rxb3 Bxd4 31. Rxd4 Rac8 32. Rxd7 Rf7 33. Rxf7
Kxf7 34. Rb7+ Ke6 35. Rxa7 Kxe5 36. Rxh7 Rc1+ 37. Kg2 Rc2+ 38. Kh3 Rxa2 39. f4+
Kf6 40. Rb7 Rc2 41. Rb6+ Kg7 42. Rb1 Kh6 43. Rg1 Kh5 44. Rg2 Rc3 45. Rf2 Rd3
46. Kg2 Kh6 47. Re2 Rc3 48. Kf2 Rb3 49. h3 Kg7 50. Kg2 Rc3 51. Rf2 Rb3 52. g4
fxg4 53. hxg4 Kf6 54. Rf3 Rb2+ 55. Kg3 Rb1 56. Ra3 Rg1+ 57. Kf3 Rf1+ 58. Ke4
Re1+ 59. Kf3 Rf1+ 60. Kg3 Rg1+ 61. Kh3 Rh1+ 62. Kg2 Rb1 63. Ra6+ Kf7 64. Kg3
Rf1 65. Ra7+ Kg8 66. Ra4 Kg7 67. Kh4 Kh6 68. Rb4 Rxf4 1/2-1/2

[Event "K41 Foraars EMT Mester 1 2007"]
[Site "Valby"]
[Date "2007.05.01"]
[Round "5"]
[White "Greger, Roland Reinhard"]
[Black "Jakobsen, Peter"]
[Result "1-0"]
[WhiteElo "2332"]
[BlackElo "2184"]
[PlyCount "45"]
[EventDate "2007.??.??"]

1. e4 c5 2. c3 Nf6 3. e5 Nd5 4. Nf3 Nc6 5. Bc4 Nb6 6. Bb3 d5 7. exd6 Qxd6 8.
Na3 e6 9. O-O a6 10. d4 cxd4 11. Nxd4 Nxd4 12. cxd4 Be7 13. Qf3 O-O 14. Bf4
Qxd4 15. Be3 Qxb2 16. Nc2 Qc3 17. Bxb6 Qxf3 18. gxf3 Bd7 19. Rfd1 Bc6 20. Nd4
Rac8 21. Rac1 Ba3 22. Nxc6 bxc6 23. Rc4 1-0

[Event "K41 Foraars EMT Mester 1 2007"]
[Site "Valby"]
[Date "2007.05.08"]
[Round "6"]
[White "Jakobsen, Peter"]
[Black "Palm, Nikolaj"]
[Result "1/2-1/2"]
[WhiteElo "2184"]
[BlackElo "2268"]
[PlyCount "40"]
[EventDate "2007.??.??"]

1. c4 c6 2. g3 e5 3. d4 d6 4. Bg2 Qc7 5. Nc3 Nf6 6. Nf3 Be7 7. O-O O-O 8. h3
Re8 9. e4 a6 10. c5 dxc5 11. dxe5 Nfd7 12. Bf4 Qa5 13. e6 fxe6 14. e5 c4 15.
Qe2 Nc5 16. Qxc4 b5 17. Qe2 b4 18. Ne4 Qb5 19. Qxb5 axb5 20. Nxc5 Bxc5 1/2-1/2

[Event "K41 Foraars EMT Mester 1 2007"]
[Site "Valby"]
[Date "2007.05.08"]
[Round "6"]
[White "Schmidt, Kristen"]
[Black "Hagen, Andreas Skytte"]
[Result "0-1"]
[WhiteElo "2322"]
[BlackElo "2226"]
[PlyCount "124"]
[EventDate "2007.??.??"]

1. e4 c5 2. c3 Nf6 3. e5 Nd5 4. d4 cxd4 5. Qxd4 e6 6. Nf3 Nc6 7. Qe4 f5 8. exf6
Nxf6 9. Qc2 d5 10. Bg5 Bd6 11. Nbd2 e5 12. Qb3 e4 13. Nd4 Be5 14. Be2 Bxd4 15.
cxd4 Nxd4 16. Qa4+ Nc6 17. O-O O-O 18. Rad1 h6 19. Bh4 Qb6 20. Nb3 Be6 21. Nd4
Nxd4 22. Qxd4 Qxd4 23. Rxd4 Rac8 24. Bd1 Rc4 25. Rxc4 dxc4 26. Bc2 Rd8 27. Rd1
Rxd1+ 28. Bxd1 c3 29. bxc3 Bxa2 30. Bc2 a5 31. Kf1 b5 32. Ke1 Kf7 33. Kd2 Bc4
34. Kc1 Ke6 35. Bxf6 Kxf6 36. Bxe4 Ke5 37. Bc6 Kf4 38. Bb7 g5 39. Kc2 h5 40.
Kc1 h4 41. Bc6 Ke5 42. Kc2 Kd6 43. Be8 Bf1 44. Kc1 Kc5 45. g3 Kc4 46. Kc2 Bd3+
47. Kb2 Be4 48. Bf7+ Kc5 49. Bh5 b4 50. cxb4+ Kxb4 51. gxh4 gxh4 52. Bf7 Bf5
53. Bg8 Kc5 54. Kc3 Kd6 55. Kb3 Bd7 56. Bc4 Ke5 57. Be2 Kf4 58. Kc3 Bg4 59. Bb5
Kf3 60. Kd2 Kxf2 61. Ba4 Be6 62. Bb5 Bb3 0-1

[Event "K41 Foraars EMT Mester 1 2007"]
[Site "Valby"]
[Date "2007.05.08"]
[Round "6"]
[White "Nielsen, Lars Aaes"]
[Black "Lund, Silas"]
[Result "1/2-1/2"]
[WhiteElo "2221"]
[BlackElo "2329"]
[PlyCount "82"]
[EventDate "2007.??.??"]

1. e4 e5 2. Nf3 Nc6 3. d4 exd4 4. Bc4 Nf6 5. Ng5 d5 6. exd5 Qe7+ 7. Kf1 Ne5 8.
Qxd4 Nxc4 9. Qxc4 h6 10. Nf3 Qc5 11. Qxc5 Bxc5 12. c4 Bf5 13. Ke2 O-O-O 14. Be3
Rhe8 15. Nc3 Ng4 16. Nd1 c6 17. h3 Nxe3 18. Nxe3 cxd5 19. cxd5 Rxd5 20. Rac1
Kb8 21. Rhd1 Rxd1 22. Rxc5 Rb1 23. Rxf5 Rxb2+ 24. Kd3 Rxf2 25. Rxf7 Rxa2 26.
Nc2 Rd8+ 27. Nfd4 Rxc2 28. Kxc2 Rxd4 29. Rxg7 Rh4 30. Re7 a5 31. Re5 a4 32. Kb2
Kc7 33. Ka3 Kc6 34. Re6+ Kd7 35. Rf6 b5 36. Rb6 Rh5 37. Kb4 Ke7 38. Rb7+ Ke6
39. Rb6+ Kd7 40. Rf6 Kc7 41. Rg6 Kd7 1/2-1/2

[Event "K41 Foraars EMT Mester 1 2007"]
[Site "Valby"]
[Date "2007.05.15"]
[Round "7"]
[White "Hagen, Andreas Skytte"]
[Black "Nielsen, Lars Aaes"]
[Result "1-0"]
[WhiteElo "2226"]
[BlackElo "2221"]
[PlyCount "61"]
[EventDate "2007.??.??"]

1. e4 e6 2. d4 d5 3. Nc3 Bb4 4. e5 c5 5. a3 Bxc3+ 6. bxc3 Ne7 7. Qg4 Qc7 8.
Qxg7 Rg8 9. Qxh7 cxd4 10. Ne2 dxc3 11. f4 b6 12. Ng3 Bb7 13. Nh5 Nd7 14. Nf6+
Nxf6 15. exf6 O-O-O 16. fxe7 Qxe7 17. Be3 Qf6 18. Rd1 Rg6 19. Qh3 Kb8 20. Rd4
e5 21. fxe5 Qxe5 22. Be2 Ka8 23. Rf1 Rh8 24. Rf5 Qe8 25. Qf3 Re6 26. Kf2 Rxh2
27. Rfxd5 Rh8 28. Ba6 Re7 29. Bxb7+ Rxb7 30. Rd7 Qc8 31. Bg5 1-0

[Event "K41 Foraars EMT Mester 1 2007"]
[Site "Valby"]
[Date "2007.05.15"]
[Round "7"]
[White "Lund, Silas"]
[Black "Jakobsen, Peter"]
[Result "1/2-1/2"]
[WhiteElo "2329"]
[BlackElo "2184"]
[PlyCount "116"]
[EventDate "2007.??.??"]

1. d4 Nf6 2. c4 e6 3. Nc3 Bb4 4. e3 c5 5. Bd3 Nc6 6. Nf3 Bxc3+ 7. bxc3 d6 8. e4
e5 9. O-O Bg4 10. d5 Ne7 11. h3 Bxf3 12. Qxf3 h6 13. g3 Qd7 14. Kh2 O-O-O 15.
a4 Rdf8 16. Ra2 Nh7 17. Qg4 Qxg4 18. hxg4 Nf6 19. f3 g5 20. Rh1 Rhg8 21. Kg2
Rg6 22. a5 Kc7 23. Kf2 Neg8 24. Ke3 Re8 25. Bc2 Rb8 26. Ba4 Ne7 27. Kd3 Nfg8
28. Be3 Nf6 29. Rb2 Nfg8 30. Rhb1 Rf6 31. Ke2 Rg6 32. Rg1 Nf6 33. Kd3 Rgg8 34.
Bd1 Nd7 35. Rh2 Rg6 36. Ba4 Nf6 37. Rhg2 Rh8 38. Rh2 Rf8 39. Rb1 Rb8 40. Rhb2
Nfg8 41. Bb5 Ra8 42. Be8 Rxe8 43. Rxb7+ Kd8 44. Rxa7 Nc8 45. Rab7 Re7 46. a6 f6
47. Rxe7 Ngxe7 48. Rb8 Kc7 49. Rb7+ Kd8 50. Kc2 Rg8 51. Kb3 Rh8 52. a7 Nxa7 53.
Rxa7 h5 54. Ra8+ Nc8 55. gxh5 Rxh5 56. Ra2 Rh1 57. Rg2 Nb6 58. Bg1 Nd7 1/2-1/2

[Event "K41 Foraars EMT Mester 1 2007"]
[Site "Valby"]
[Date "2007.05.15"]
[Round "7"]
[White "Greger, Roland Reinhard"]
[Black "Schmidt, Kristen"]
[Result "1-0"]
[WhiteElo "2332"]
[BlackElo "2322"]
[PlyCount "73"]
[EventDate "2007.??.??"]

1. e4 e5 2. Nf3 Nc6 3. d4 exd4 4. Nxd4 Nf6 5. Nxc6 bxc6 6. e5 Qe7 7. Qe2 Nd5 8.
c4 Ba6 9. g3 g5 10. b3 Bg7 11. Bb2 O-O-O 12. Nd2 Nb4 13. Nf3 Rhe8 14. a3 g4 15.
Nh4 Bxe5 16. O-O-O Na2+ 17. Kc2 Qf6 18. Bxe5 Rxe5 19. Qd2 Re6 20. Qd4 Qe7 21.
Kb2 c5 22. Qd3 Rd6 23. Qe2 Qf6+ 24. Kxa2 Rxd1 25. Qxd1 Bb7 26. f3 d5 27. Qc2 d4
28. Bd3 gxf3 29. Rf1 Re8 30. Nxf3 Bxf3 31. Bf5+ Kb8 32. Rxf3 d3 33. Qxd3 Re1
34. Qc3 Re2+ 35. Kb1 Qe7 36. Qh8+ Kb7 37. Bc8+ 1-0